| 000 | 00759nam a2200229 a 4500 | ||
|---|---|---|---|
| 999 |
_c2418 _d2418 |
||
| 001 | 2418 | ||
| 003 | BD-JhCC | ||
| 005 | 20171105174428.0 | ||
| 008 | 171102s2009 bg |||| ||a| 000 0 ben d | ||
| 020 | _a9847015601188 | ||
| 035 | _a(BD-JhCC)2418 | ||
| 040 |
_aBD-JhCC _dBD-JhCC |
||
| 041 | _aben | ||
| 082 |
_a891.4409 _bUTT 2009 |
||
| 245 |
_aউত্তরাধুনিক চিন্তাধারা : দ্বন্দ-সংঘর্ষ / _cরতনতনু ঘোষ, সম্পাদিত |
||
| 260 |
_aঢাকা : _bমাওলা ব্রাদার্স, _c2009 |
||
| 300 |
_a160 p. : _c22 cm. |
||
| 650 |
_aPost Modernism _xBengali Literaure |
||
| 700 | _aঘোষ, রতনতনু | ||
| 942 |
_2ddc _cBK |
||